Normal view
MARC view
- Allama Muhammad Iqbal-Biography --Urdu Literature
Entry Topical Term
001 - CONTROL NUMBER
- control field: 91566
003 - CONTROL NUMBER IDENTIFIER
- control field: NUST
005 - DATE AND TIME OF LATEST TRANSACTION
- control field: 20220516111939.0
008 - FIXED-LENGTH DATA ELEMENTS
- fixed length control field: 220516|| aca||aabn | a|a d
040 ## - CATALOGING SOURCE
- Original cataloging agency: NUST
- Transcribing agency: NUST
150 ## - HEADING--TOPICAL TERM
- Topical term or geographic name entry element: Allama Muhammad Iqbal-Biography --Urdu Literature
670 ## - SOURCE DATA FOUND
- Source citation: Work cat.: (NUST): A.M Chaudhary 91565, Iqbal baad az wisal /, 2005
